| 000 | 00633nam a22002057a 4500 | ||
|---|---|---|---|
| 005 | 20141201153432.0 | ||
| 010 | _aENG-111222 | ||
| 020 |
_a9780199450688 _c1195.00 |
||
| 020 |
_a0199450684 _c1195.00 |
||
| 035 | _aEN-94754 | ||
| 037 | _bDBAD/PUB | ||
| 082 | _a181.46 | ||
| 245 |
_aDebating Vivekananda : _cedited by A. Raghuramaraju _ba reader / |
||
| 260 |
_aNew Delhi _bOxford University Press _c2014 |
||
| 270 |
_aYMCA Library building, 1 Jai Singh Road _bNew Delhi _e110001 |
||
| 300 |
_axxviii, 514p. _c24cm(Hb) |
||
| 500 | _aIncludes index | ||
| 700 | _aRaghuramaraju, A. | ||
| 942 |
_2ddc _cEN _mDEB _h181.46 |
||
| 999 |
_c90028 _d90028 |
||